No More? - Eazy-E (All Lyrics)(Part 1) - Statistics

General Stats
  • This quiz has been taken 14 times
  • The average score is 179 of 387
Answer Stats
Answer % Correct
a
100%
E
92%
Eazy-E)
92%
I
92%
in
92%
the
92%
be
85%
me
85%
my
85%
Ruthless
85%
with
85%
and
77%
are
77%
as
77%
Eazy
77%
gang
77%
I'm
77%
It
77%
it
77%
meanwhile
77%
style
77%
yo
77%
you
77%
You
77%
about
69%
bankin'
69%
Brother
69%
Hear
69%
here
69%
(How
69%
how
69%
juvenile
69%
no
69%
other
69%
ran
69%
Ran
69%
(So
69%
So
69%
so
69%
Whites
69%
your
69%
Alright
62%
life
62%
Mexicans
62%
others
62%
to
62%
was
62%
(We're
62%
were
62%
who
62%
youngster?)
62%
Believe
54%
brothers
54%
for
54%
gank
54%
"gank"
54%
pimp
54%
specialized
54%
Tell
54%
that
54%
all
46%
comin'
46%
doing?)
46%
gangster
46%
gankin'
46%
its
46%
It's
46%
it's
46%
on
46%
out
46%
Out
46%
sitting
46%
slanged
46%
then
46%
undercover
46%
up
46%
'64
38%
bitches!
38%
Compton
38%
Daily
38%
dollar
38%
don't
38%
dont
38%
Hell
38%
Impala
38%
is
38%
like
38%
lookin'
38%
lover
38%
more
38%
mother
38%
of
38%
runnin'
38%
what
38%
when
38%
back
31%
bought
31%
Call
31%
call
31%
cant
31%
Daddy
31%
ear
31%
from
31%
fun)
31%
havin'
31%
if
31%
know
31%
name
31%
never
31%
one
31%
police
31%
see
31%
some
31%
there
31%
way
31%
went
31%
you're
31%
ain't
23%
am
23%
any
23%
at
23%
(because
23%
but
23%
caught
23%
cause
23%
Cause
23%
dogs
23%
female
23%
got
23%
gotta
23%
Just
23%
Leave
23%
leave
23%
listened
23%
Mack
23%
Makin'
23%
nature
23%
open
23%
or
23%
questions?
23%
rather
23%
Rollin'
23%
Sometimes
23%
sorry
23%
Strapped
23%
sure
23%
Terrible
23%
thirteen
23%
through
23%
time
23%
trick
23%
verse
23%
violent?)
23%
walkin'
23%
would
23%
8-Ball
15%
another
15%
around
15%
beat
15%
breakin'
15%
by
15%
called
15%
car
15%
climbed
15%
convict
15%
curse
15%
damn
15%
door
15%
easily
15%
ever
15%
gat
15%
get
15%
Get
15%
girl
15%
girls
15%
give
15%
Hard
15%
(Hmm
15%
house
15%
law
15%
lights
15%
locked
15%
looked
15%
Looked
15%
made
15%
Naw!
15%
nothing
15%
off
15%
(Ok
15%
people
15%
pep
15%
punks
15%
raw
15%
really
15%
regard
15%
situation
15%
sleeve
15%
slipping?)
15%
slow
15%
sold
15%
someone?)
15%
Step
15%
stereo
15%
takes
15%
thief
15%
think
15%
timing
15%
trippin
15%
trust
15%
anybody
8%
broke
8%
center
8%
close
8%
criminal
8%
(Eazy-E
8%
enter
8%
front
8%
ganked
8%
gettin'
8%
Gettin'
8%
gonna
8%
Grabbed
8%
hoodlum
8%
inside
8%
Lift
8%
nerves
8%
served
8%
shh
8%
start
8%
takin'
8%
thug
8%
window
8%
fall
0%
fist
0%
five
0%
flee
0%
full
0%
jewelry
0%
key
0%
lesson
0%
Move
0%
Once
0%
Over
0%
quickly
0%
shakin'
0%
somebody's
0%
sweat
0%
Waitin'
0%
wall
0%
wipe
0%
years
0%
No matching quizzes found
Score Distribution
Percent of People with Each Score
Percentile by Number Answered
Your Score History
You have not taken this quiz